[Event "GRE-chT"]
[Site "Athens"]
[Date "1996.??.??"]
[Round "4"]
[White "Mastoras, Ilias"]
[Black "Tsarouhas, Vasilios"]
[Result "1-0"]
[WhiteElo "2200"]
[BlackElo "2210"]

1.e4 c5 2.Nc3 Nc6 3.Nge2 e6 4.g3 Qc7 5.Bg2 Nf6 6.O-O a6 7.d4 cxd4 8.Nxd4 Bc5
9.Nb3 Ba7 10.Bf4 Ne5 11.Qd2 b5 12.a3 Bb7 13.Rad1 Rc8 14.Bxe5 Qxe5 15.Na5 Ba8
16.Qd6 Qxd6 17.Rxd6 Ke7 18.Rxa6 Bd4 19.Nxb5 Bxb2 20.Rd1 Rxc2 21.Ra7 Rc1 22.Rxc1 Bxc1
23.Nb3 Bb2 24.Nc5 Bc6 25.a4 Rb8 26.e5 Nd5 27.Bxd5 exd5 28.Na6 Rb6 29.Nd6 Bd4
30.Nf5+ Ke6 31.Nxd4+ Kxe5 32.Nxc6+ dxc6 33.a5 Rb2 34.Nc5 Kd4 35.Nd7 c5 36.Nb6 c4
37.Rd7 c3 38.Rxd5+ Ke4 39.Rc5 Kd3 40.Rd5+ Ke2 41.Re5+ Kd1 42.Nd5 c2 43.Ne3+ Kd2
44.Nxc2 Rxc2 45.Re7 f5 46.Rxg7 f4 47.gxf4 Kd3 48.Re7 Ra2 49.Re5 Ra4 50.Rh5 Ke4
51.Kg2 Ra3 52.Rxh7 Rxa5 53.Rf7 Ra8 54.h4 Rg8+ 55.Kh3 Kf3 56.Ra7 Rg1 57.Ra3+ Kxf4
58.Kh2 Rg8 59.Rg3 Rh8 60.Kh3 Ra8 61.h5 Ra1 62.Rg2 Kf3 63.Rg3+ Kf4 64.Kg2 Ra6
65.Rh3 Rh6 66.Rh4+ Kg5 67.Kg3 Kf5 68.f4 Rh8 69.h6 Rh7 70.Rh5+ Kf6 71.Kh4 Kg6
72.Kg4 Kf6 73.f5 Kf7 74.Kg5 Kg8 75.Rh4 Ra7 76.Re4 Kh7 77.Rh4 Kg8 78.Rb4  1-0

[Event "GRE-ARM"]
[Site "Athens"]
[Date "1996.??.??"]
[Round "5"]
[White "Grigorian, Arusiak"]
[Black "Fakhiridou, Ekaterini"]
[Result "1/2-1/2"]
[WhiteElo "2135"]
[BlackElo "2170"]

1.e4 c5 2.Nf3 Nc6 3.Nc3 e6 4.Bb5 Nd4 5.O-O g6 6.Nxd4 cxd4 7.Ne2 Bg7 8.c3 dxc3
9.dxc3 a6 10.Ba4 Ne7 11.Bf4 b5 12.Bb3 Bb7 13.Qd3 d5 14.exd5 Nxd5 15.Bg3 O-O
16.Rad1 Qb6 17.Nd4 Rad8 18.Qe2 b4 19.Be5 Bxe5 20.Qxe5 bxc3 21.bxc3 Rfe8 22.c4 f6
23.Qg3 Nc7 24.c5 Qa5 25.Nxe6 Nxe6 26.Bxe6+ Kh8  1/2-1/2

[Event "GRE-chT"]
[Site "Athens"]
[Date "1996.??.??"]
[Round "8"]
[White "Cela, Altin"]
[Black "Kotronias, Vasilios"]
[Result "0-1"]
[WhiteElo "2415"]
[BlackElo "2615"]

1.e4 c5 2.Nf3 Nc6 3.Nc3 d6 4.d4 cxd4 5.Nxd4 Nf6 6.Bc4 Qb6 7.Nb3 e6 8.Bf4 Ne5
9.Be2 a6 10.g4 Qc7 11.g5 Nfd7 12.Qd4 b5 13.O-O-O Rb8 14.Bg3 b4 15.Nd5 exd5
16.exd5 g6 17.Bg4 Bg7 18.Bxd7+ Bxd7 19.f4 Bf5 20.Kb1 Qxc2+ 21.Ka1 Qxb3 22.fxe5 Qa4  0-1

[Event "AUT-chT2W 9596"]
[Site "Austria"]
[Date "1996.??.??"]
[Round "?"]
[White "Hardicsay, Peter"]
[Black "Lanka, Zigurds"]
[Result "1/2-1/2"]
[WhiteElo "2365"]
[BlackElo "2510"]

1.e4 c5 2.Nf3 Nc6 3.Nc3 d6 4.d4 cxd4 5.Nxd4 Nf6 6.f4 e5 7.Nxc6 bxc6 8.Bc4 Qb6
9.Qf3 exf4 10.Qxf4 Be7 11.Bb3 O-O 12.Be3 Qa5 13.O-O Be6 14.Kh1 Qh5 15.Qg5 Qg6
16.Qxg6 hxg6 17.Bg5 Rfe8 18.Rad1 Rad8 19.Ba4 Ng4 20.Bf4 g5 21.Bc1 Ne5 22.b3 Kh7
23.Ba3 Kg6 24.Ne2 Bg4 25.Rd2 Bxe2 26.Rxe2 Rh8 27.Kg1 c5 28.h3 Bf6 29.Bb2 Nf3+
30.Rxf3 Bxb2 31.c3 Bc1 32.Kh2 Bf4+ 33.Kg1 Be5 34.Bc6 Rh4 35.g4 a5 36.Bd5 Bf4
37.Kg2 Rd7 38.Rc2 Kf6 39.Bc4 Ra7 40.Rd3 Rh8 41.Rf2 Ke7 42.Rd5 f6 43.a4  1/2-1/2

[Event "AUT-chT2W 9596"]
[Site "Austria"]
[Date "1996.??.??"]
[Round "?"]
[White "Mathe, Gaspar"]
[Black "Reich, Thomas"]
[Result "1/2-1/2"]
[WhiteElo "2415"]
[BlackElo "2400"]

1.e4 c5 2.Nf3 Nc6 3.Nc3 g6 4.g3 Bg7 5.Bg2 d6 6.O-O Nf6 7.d4 cxd4 8.Nxd4 O-O
9.Nxc6 bxc6 10.e5 dxe5 11.Qxd8 Rxd8 12.Bxc6 Rb8 13.Rd1 Rd6 14.Ba4 Bg4 15.Re1 Bf3
16.Re3 Nd5 17.Nxd5 Bxd5 18.Bb3 Bxb3 19.axb3 a6 20.Ra4 Rc6 21.Re2 f5 22.f3 Kf7
23.Kf2 Rb5 24.Ke1 e4 25.fxe4 Bxb2  1/2-1/2

[Event "AUT-chT9697"]
[Site "Austria"]
[Date "1996.??.??"]
[Round "1"]
[White "Krpelan, Wolfgang"]
[Black "Ebner, Hubert"]
[Result "1/2-1/2"]
[WhiteElo "2190"]
[BlackElo "2265"]

1.e4 c5 2.Ne2 Nc6 3.Nbc3 g6 4.d4 cxd4 5.Nxd4 Bg7 6.Be3 Nf6 7.Bc4 O-O 8.Bb3 d6
9.h3 Na5 10.O-O b6 11.Qd3 Nxb3 12.Nxb3 Bb7 13.Rad1 Rc8 14.Bd4 Qc7 15.Rfe1 Rfe8
16.f3 a6 17.a4  1/2-1/2

[Event "AUT-chT9697"]
[Site "Austria"]
[Date "1996.??.??"]
[Round "3"]
[White "Kindermann, Stefan"]
[Black "Miniboeck, Guenter"]
[Result "1-0"]
[WhiteElo "2530"]
[BlackElo "2355"]

1.e4 c5 2.Nc3 Nc6 3.Nge2 e5 4.Nd5 Nge7 5.Nec3 Nxd5 6.Nxd5 Be7 7.Bc4 O-O 8.d3 Bg5
9.O-O Bxc1 10.Rxc1 d6 11.Qh5 Be6 12.f4 exf4 13.Rxf4 Ne5 14.Rcf1 Ng6 15.R4f2 Ne5
16.Ne3 Nxc4 17.dxc4 h6 18.Rd1 Qe7 19.Rfd2 Rad8 20.Qf3 Rd7 21.Qf4 Rfd8 22.b3 Qg5
23.Qxg5 hxg5 24.Nf5 Bxf5 25.exf5 Kf8 26.Kf2 Ke7 27.Kf3 Rh8 28.g3 Rh6 29.Kg4 f6
30.Re1+ Kd8 31.Re6 Kc7 32.Re8 Kc6 33.a4 b6 34.h3 a6 35.Rde2 g6 36.fxg6 Rxg6
37.Rc8+ Kb7 38.Rh8 Rgg7 39.Rh6 Rdf7 40.Kf5 Rh7 41.Rxh7 Rxh7 42.Kxf6 Rxh3
43.g4 Kc6 44.Kxg5 b5 45.axb5+ axb5 46.cxb5+ Kxb5 47.Kf4 Rh1 48.g5 Rg1 49.Kf5 d5
50.g6 d4 51.Kf6 c4 52.bxc4+ Kxc4 53.Rf2 Kc3 54.g7  1-0

[Event "AUT-chT9596"]
[Site "?"]
[Date "1996.??.??"]
[Round "?"]
[White "Volkmann, Friedrich"]
[Black "Postl, Anton"]
[Result "1-0"]
[WhiteElo "2355"]
[BlackElo "2305"]

1.e4 c5 2.Nc3 Nc6 3.Nf3 g6 4.d4 cxd4 5.Nxd4 Bg7 6.Be3 Nf6 7.Bc4 Qa5 8.O-O O-O
9.h3 d6 10.Re1 Bd7 11.Nb3 Qc7 12.Bg5 Ne5 13.Bf1 Bc6 14.Qd2 Rfe8 15.a4 Rad8
16.Qe3 a6 17.Rad1 d5 18.Bxf6 exf6 19.exd5 Bd7 20.Qc5 Qxc5 21.Nxc5 Bc8 22.d6 f5
23.d7 Bxd7 24.Nxd7  1-0

[Event "AUT-chT9596"]
[Site "?"]
[Date "1996.??.??"]
[Round "?"]
[White "Balinov, Ilija"]
[Black "Titz, Heimo"]
[Result "1/2-1/2"]
[WhiteElo "2360"]
[BlackElo "2305"]

1.e4 c5 2.Nf3 Nc6 3.Nc3 Nf6 4.d4 cxd4 5.Nxd4 d6 6.Bg5 e6 7.Qd2 a6 8.O-O-O Bd7
9.f4 h6 10.Bxf6 Qxf6 11.Nf3 Qd8 12.Kb1 Qc7 13.g3 Be7 14.h4 O-O-O 15.Bh3 Kb8
16.f5 Bc8 17.Rhe1 Bf6 18.fxe6 fxe6 19.Ne2 Qb6 20.c3 Rhf8 21.Nfd4 Bxd4 22.Nxd4 Ne5
23.Qe2 Rf6 24.Rf1 Rdf8 25.Rxf6 Rxf6 26.Rf1 Qd8 27.Rd1 Qf8 28.Qc2 g5 29.hxg5 hxg5
30.Qc1 g4 31.Bf1 Qh6 32.Be2 Qxc1+ 33.Kxc1 Rf2 34.Rg1 Kc7 35.Kd2 Nf3+ 36.Ke3 Rxe2+
37.Nxe2 Nxg1 38.Nxg1 e5 39.c4 Be6 40.Kd3 Kc6 41.Ne2 Kc5 42.Kc3 a5 43.b3 b5
44.cxb5 Kxb5 45.a4+ Kc5 46.Nc1 d5 47.Nd3+ Kd6 48.exd5 Kxd5 49.b4 axb4+ 50.Nxb4+ Ke4
51.Nd3 Bf5 52.a5 Bc8 53.Kd2 Kd4 54.Nb4 Kc5 55.Nd3+ Kd4 56.Nb4 Kc5  1/2-1/2

[Event "AUT-chT9596"]
[Site "?"]
[Date "1996.??.??"]
[Round "?"]
[White "Balinov, Ilija"]
[Black "Watzka, Horst"]
[Result "1-0"]
[WhiteElo "2360"]
[BlackElo "2340"]

1.e4 c5 2.Nf3 Nc6 3.Nc3 d6 4.d4 cxd4 5.Nxd4 Nf6 6.Bg5 Bd7 7.Qd2 Rc8 8.O-O-O Nxd4
9.Qxd4 Qa5 10.Bd2 a6 11.f3 g6 12.a3 Bg7 13.Nd5 Qc5 14.Qxc5 Rxc5 15.Be3 Rc8
16.Bd4 Nh5 17.Bb6 Nf6 18.Bd4 Nh5 19.Bb6 Nf6 20.Kb1 Bc6 21.Bd4 Nh5 22.Nb6 Rd8
23.Bxg7 Nxg7 24.a4 Ne6 25.a5 Nc7 26.b4 e6 27.Bc4 Ke7 28.Rd2 Rhf8 29.Re1 f5
30.exf5 Rxf5 31.c3 g5 32.Kb2 h5 33.Red1 Rff8 34.Bb3 g4 35.fxg4 hxg4 36.Bc4 Rh8
37.g3 Bf3 38.Re1 Rh5 39.Re3 Rdh8 40.Kb3 d5 41.Bd3 Rxh2 42.Nc8+ Kd7 43.Nb6+ Kc6
44.Rxh2 Rxh2 45.c4 Bd1+ 46.Kc3 Bf3 47.Kd4 dxc4 48.Bxc4 Kd6 49.Nc8+ Kd7 50.Nb6+ Ke7
51.Nc8+ Kf6 52.Nd6 Rc2 53.Kd3 Rb2 54.Ne8+ Nxe8 55.Rxe6+ Kf5 56.Rxe8 Rxb4
57.Kd4 Ra4 58.Re5+ Kf6 59.Re6+ Kf7 60.Re5+ Kf8 61.Kc3 Ra1 62.Kd4 Ra3 63.Be6 Kg7
64.Bc4 Ra1 65.Re7+ Kf8 66.Re5 Rg1 67.Rg5 Ke7 68.Rg7+ Kd6 69.Rg6+ Kc7 70.Kc5 Kb8
71.Kb6 Rb1+ 72.Kc5 Ka7 73.Be6 Rg1 74.Bxg4  1-0

[Event "AUT-chT9596"]
[Site "?"]
[Date "1996.??.??"]
[Round "?"]
[White "Lendwai, Reinhard"]
[Black "Volkmann, Friedrich"]
[Result "1/2-1/2"]
[WhiteElo "2375"]
[BlackElo "2355"]

1.e4 c5 2.Ne2 Nc6 3.Nbc3 g6 4.d4 cxd4 5.Nxd4 Bg7 6.Be3 Nf6 7.Bc4 O-O 8.Bb3 a5
9.f3 d5 10.Bxd5 Nxd5 11.exd5 Nb4 12.Nde2 e6 13.a3 Nxd5 14.Nxd5 exd5 15.Bd4 Bh6
16.O-O Re8 17.Bf2 Qg5 18.Nd4 Bg7 19.c3 Bh3 20.Bg3 Qe3+ 21.Kh1 Bxd4 22.Re1 Qg5
23.Qxd4 Bd7 24.Be5 Bc6 25.Bf6 Qh6 26.h3 a4 27.Rac1 Qf8 28.Kg1 h6 29.h4 Rxe1+
30.Rxe1 Re8 31.Rxe8 Qxe8 32.Qf4 Qe6 33.Bd4 Kh7 34.Be3 h5 35.Qh6+ Kg8 36.Kf2 Bb5
37.Qg5 Kh7 38.Qh6+ Kg8 39.Qg5 Kh7 40.Bd4 Bc6 41.Qd8 Be8 42.Kg3 Qe1+ 43.Kh2 Qe6
44.Qc7 Qe1 45.Bf6 Qe6 46.Qf4 Bc6 47.Be5 Qf5 48.Qd4 Qc8 49.g4 hxg4 50.fxg4 Qe6
51.Kg3 Bd7 52.Qf4 Bc6 53.Bd4 Qe1+ 54.Bf2 Qe6 55.Bd4 Qe1+ 56.Bf2 Qe6 57.Be3 Bd7
58.Kf2 Kg8 59.Kg3 Qe4 60.Qxe4 dxe4  1/2-1/2

[Event "AUT-chT2S 9596"]
[Site "AUT"]
[Date "1996.??.??"]
[Round "?"]
[White "Smole, Albert"]
[Black "Loebler, Heimo"]
[Result "0-1"]
[WhiteElo "2205"]
[BlackElo "2250"]

1.e4 c5 2.Nc3 Nc6 3.Nf3 g6 4.d4 cxd4 5.Nxd4 Bg7 6.Be3 Nf6 7.h3 O-O 8.Qd2 d6
9.g4 Nxd4 10.Bxd4 Qa5 11.Bg2 e5 12.Be3 Be6 13.O-O Rac8 14.Rfd1 Rfd8 15.Nd5 Qxd2
16.Nxf6+ Bxf6 17.Rxd2 a6 18.a4 Rc6 19.b3 Rc3 20.Ra2 Be7 21.Bb6 Rdc8 22.Bf1 Bg5
23.Re2 Bd8 24.Bxd8 Rxd8 25.Rd2 h5 26.gxh5 gxh5 27.h4 Kf8 28.Rd3 Rxd3 29.Bxd3 Ke7
30.c4 Rg8+ 31.Kh2 Rg4 32.f3 Rxh4+ 33.Kg2 Rh3 34.Ra1 h4 35.a5 Rg3+ 36.Kf2 Rh3
37.Kg2 Kf6 38.Rd1 Rg3+ 39.Kf2 Kg5 40.Rh1 Rh3 41.Rxh3 Bxh3 42.b4 Kf4 43.b5 Bc8
44.Be2 h3 45.Bf1 h2 46.Bg2 Be6 47.bxa6 bxa6 48.Bh1 Bxc4 49.Kg2 d5 50.exd5 Bxd5
51.Kf2 e4 52.fxe4 Bxe4 53.Bxe4 Kxe4 54.Kg2 f5 55.Kxh2 Kf3 56.Kh3 Kf2  0-1

[Event "AUT-ch"]
[Site "AUT"]
[Date "1996.??.??"]
[Round "3"]
[White "Hiermann, Dietmar"]
[Black "Rockenschaub, Manfred"]
[Result "1/2-1/2"]
[WhiteElo "2155"]
[BlackElo "2205"]

1.e4 c5 2.Nc3 Nc6 3.Nf3 d6 4.d4 cxd4 5.Nxd4 Nf6 6.Bg5 e6 7.Qd2 a6 8.O-O-O Bd7
9.f4 h6 10.Bh4 Nxe4 11.Nxe4 Qxh4 12.Nf3 Qe7 13.Nxd6+ Qxd6 14.Qxd6 Bxd6 15.Rxd6 Ke7
16.Rd2 f6 17.Bc4 Rad8 18.Re1 Rhe8 19.f5 Kf8 20.fxe6 Bc8 21.a4 g5 22.g4 Rxd2
23.Kxd2 Rd8+ 24.Kc3 Ke7 25.b4 h5 26.gxh5 Rh8 27.b5 axb5 28.axb5 Rxh5 29.bxc6 Rh3
30.Bd5 bxc6 31.Kb4 cxd5 32.Nd4 Rh4 33.Kc5 Re4 34.Ra1 Bxe6 35.Ra7+ Kf8 36.Nxe6+ Rxe6
37.Kxd5 Re2 38.c4 Rxh2 39.c5 Ke8 40.Ke6 Kd8 41.Kxf6 Rc2 42.Ke6 Rd2 43.Rg7 g4
44.Ke5 g3 45.Rxg3 Kc7 46.Rg6 Rd1  1/2-1/2

[Event "Bad Woerishofen op"]
[Site "Bad Woerishofen"]
[Date "1996.??.??"]
[Round "8"]
[White "Tischbierek, Raj"]
[Black "Lagunow, Alexander"]
[Result "1-0"]
[WhiteElo "2490"]
[BlackElo "2420"]

1.e4 c5 2.Nc3 Nc6 3.Nge2 d6 4.d4 cxd4 5.Nxd4 Nf6 6.Be2 e5 7.Nf3 h6 8.O-O Be7
9.Re1 O-O 10.h3 Be6 11.Bf1 Nb8 12.a4 Nbd7 13.a5 a6 14.b3 Rc8 15.Bb2 Re8 16.Nd2 Rc5
17.b4 Rc8 18.Bd3 d5 19.exd5 Bxd5 20.b5 axb5 21.Nxd5 Nxd5 22.Bxb5 Bb4 23.Ne4 Bxe1
24.Qxd5 Nc5 25.Qc4 Na6 26.Qb3 Bb4 27.Bxa6 bxa6 28.Qxb4 Rxc2 29.Bc3 Qd3 30.Re1 Re2
31.Rxe2 Qxe2 32.Kh2 Qd3 33.f3 Qe3 34.Bxe5 f6 35.Qc4+ Kh8 36.Bg3  1-0

[Event "Bagneux"]
[Site "Bagneux"]
[Date "1996.??.??"]
[Round "5"]
[White "Payen, Arnaud"]
[Black "De Sousa, Jose"]
[Result "1/2-1/2"]
[WhiteElo "2300"]
[BlackElo "2265"]

1.e4 c5 2.Nf3 Nc6 3.Nc3 e5 4.Bc4 Be7 5.d3 Nf6 6.Ng5 O-O 7.f4 exf4 8.Bxf4 d5
9.exd5 Bg4 10.Qd2 Nb4 11.d6 Bxd6 12.O-O Bh5 13.Kh1 Bg6 14.Rae1 Bxf4 15.Rxf4 Nbd5
16.Nxd5 Nxd5 17.Rf3 Nb6 18.b3  1/2-1/2

[Event "Balatonalm di op"]
[Site "Balaton"]
[Date "1996.??.??"]
[Round "1"]
[White "Eismont, Oleg"]
[Black "Isepy, Tamas"]
[Result "1-0"]
[WhiteElo "2460"]
[BlackElo "2155"]

1.e4 c5 2.Nc3 Nc6 3.Nf3 e6 4.Bb5 Nd4 5.O-O a6 6.Bd3 d6 7.Nxd4 cxd4 8.Ne2 e5
9.c3 dxc3 10.dxc3 Nf6 11.Bg5 Be7 12.Ng3 O-O 13.Bc4 Qc7 14.Bb3 h6 15.Bxf6 Bxf6
16.Qf3 Be6 17.Rfd1 Rad8 18.Rd3 Qe7 19.Rad1 g6 20.Qe3 Rd7 21.Bxe6 Qxe6 22.Qxh6 Qxa2
23.Nf5 Qa4 24.Re1  1-0

[Event "Balatonalm di op"]
[Site "Balaton"]
[Date "1996.??.??"]
[Round "2"]
[White "Purtov, Andrei"]
[Black "Tennstedt, Andreas"]
[Result "1-0"]
[WhiteElo "2400"]
[BlackElo "2280"]

1.e4 c5 2.Nc3 Nc6 3.Nge2 g6 4.d4 cxd4 5.Nxd4 Bg7 6.Be3 Nf6 7.Bc4 Qa5 8.O-O O-O
9.Bb3 d6 10.h3 Bd7 11.f4 Nxd4 12.Bxd4 Bc6 13.Nd5 Nxd5 14.exd5 Bd7 15.Bxg7 Kxg7
16.Qd4+ Kg8 17.Rae1 Rfe8 18.Re3 Qc5 19.Qd2 a5 20.a3 a4 21.Ba2 Qb6 22.c3 e5
23.Kh2 e4 24.Qf2 Kg7 25.f5 g5 26.f6+ Kh8 27.Bb1 Bf5 28.Rd1 h6 29.Rd4 Bg6
30.h4 Re5 31.hxg5 Rxg5 32.Rh3  1-0

[Event "Balatonbereny op"]
[Site "Balatonbereny"]
[Date "1996.??.??"]
[Round "4"]
[White "Tolnai, Tibor"]
[Black "Peter, Ambrus"]
[Result "1/2-1/2"]
[WhiteElo "2450"]
[BlackElo "2415"]

1.e4 c5 2.Nc3 Nc6 3.Nf3 e6 4.Be2 Nf6 5.O-O d6 6.d4 cxd4 7.Nxd4 Be7 8.Kh1 O-O
9.f4 a6 10.Be3 Qc7 11.Qe1 Nxd4 12.Bxd4 b5 13.a3 Bb7 14.Qg3 Bc6 15.Bd3 Qb7
16.Rae1 b4 17.axb4 Qxb4 18.Ne2 Qb7 19.Bxf6 Bxf6 20.e5 dxe5 21.fxe5 Bxe5 22.Qxe5 Bxg2+
23.Kg1 Bxf1 24.Rxf1 Qb6+ 25.Rf2 Rac8 26.Ng3  1/2-1/2

[Event "Balatonbereny op"]
[Site "Balatonbereny"]
[Date "1996.??.??"]
[Round "7"]
[White "Simon, Peter"]
[Black "Pal, Peter"]
[Result "0-1"]
[WhiteElo "2145"]
[BlackElo "2285"]

1.e4 c5 2.Nf3 Nc6 3.Nc3 Nf6 4.d4 cxd4 5.Nxd4 e5 6.Ndb5 d6 7.Bg5 a6 8.Na3 b5
9.Nd5 Be7 10.Bxf6 Bxf6 11.Nxf6+ Qxf6 12.c4 b4 13.Nc2 O-O 14.Bd3 Qg5 15.O-O Bb7
16.Qc1 Qg6 17.Qe3 a5 18.Rfd1 Nd8 19.f3 Ne6 20.Bf1 Nc5 21.Rd2 f5 22.Rad1 Rad8
23.Be2 fxe4 24.Qxc5 dxc5 25.Rxd8 exf3 26.Rxf8+ Kxf8  0-1

[Event "Barbera op"]
[Site "Barbera"]
[Date "1996.??.??"]
[Round "2"]
[White "Bjerring, Kai"]
[Black "Campos Moreno, Javier B"]
[Result "0-1"]
[WhiteElo "2340"]
[BlackElo "2485"]

1.e4 c5 2.Nf3 Nc6 3.Nc3 Nf6 4.Bb5 g6 5.e5 Ng4 6.Bxc6 dxc6 7.h3 Nh6 8.O-O Bg7
9.d3 O-O 10.Bf4 Nf5 11.Qd2 Nd4 12.Nh2 Bf5 13.Ne2 c4 14.Nxd4 Qxd4 15.Nf3 Qd5
16.dxc4 Qxc4 17.Rfc1 Rfd8 18.Qe3 Qe4 19.Qxe4 Bxe4 20.Ng5 Bd5 21.c4 h6 22.cxd5 hxg5
23.Bxg5 Rxd5 24.Bxe7 Rxe5 25.Bc5 Re2 26.Rab1 b6 27.Be3 c5 28.a4 Rxb2 29.a5 Rb4
30.axb6 axb6 31.Kf1 Rxb1 32.Rxb1 Ra1 33.Rxa1 Bxa1 34.Ke2 Kf8 35.Kd3 Ke7 36.Kc4 Kd6
37.Kb5 Bd4 38.Bf4+ Kd5 39.f3 c4 40.g4 Bf2 41.Bg5 Be1 42.Bd8 c3 43.Bxb6 c2
44.Be3 Bf2 45.Bc1 Kd4  0-1

[Event "Barcelona op2"]
[Site "Barcelona"]
[Date "1996.??.??"]
[Round "?"]
[White "Ridameya, Jose"]
[Black "Durban Piera, Joan"]
[Result "1/2-1/2"]
[WhiteElo "2240"]
[BlackElo "2245"]

1.e4 c5 2.Nf3 Nc6 3.Nc3 d6 4.d4 cxd4 5.Nxd4 Nf6 6.Be2 e5 7.Nb3 h6 8.Be3 Be6
9.Bf3 Na5 10.Nxa5 Qxa5 11.O-O Be7 12.Qd2 Rd8 13.Rfd1 Rd7 14.Nd5  1/2-1/2

[Event "Regionalliga SO9596"]
[Site "Bayern"]
[Date "1996.??.??"]
[Round "?"]
[White "Zauner, Josef"]
[Black "Donegani, Peter"]
[Result "1/2-1/2"]
[WhiteElo "2115"]
[BlackElo "2055"]

1.e4 c5 2.Nc3 Nc6 3.Nf3 g6 4.d4 cxd4 5.Nxd4 Bg7 6.Be3 Nf6 7.Bc4 Qa5 8.Nb3 Qc7
9.Be2 O-O 10.g4 d6 11.g5 Nd7 12.h4 Nb6 13.f4 Be6 14.Qd2 Rfd8 15.Nd5 Bxd5
16.exd5 Nb8 17.O-O-O Nc4 18.Bxc4 Qxc4 19.Qh2 a5 20.Rd3 a4 21.Nd4 Na6 22.h5  1/2-1/2

[Event "Oberliga Bayern9697"]
[Site "Bayern"]
[Date "1996.??.??"]
[Round "?"]
[White "Speckner, Roland"]
[Black "Jirovsky, Pavel"]
[Result "1/2-1/2"]
[WhiteElo "2325"]
[BlackElo "2325"]

1.e4 c5 2.Nc3 Nc6 3.Nf3 g6 4.d4 cxd4 5.Nxd4 Bg7 6.Be3 d6 7.Qd2 Nf6 8.f3 O-O
9.Bc4 a5 10.a4 Nxd4 11.Bxd4 Be6 12.Bxe6 fxe6 13.O-O-O Rc8 14.Nb5 Nd7 15.Bxg7 Kxg7
16.h4 h6  1/2-1/2

[Event "Oberliga Bayern9697"]
[Site "Bayern"]
[Date "1996.??.??"]
[Round "?"]
[White "Lichtenstern, Christoph"]
[Black "Schoenau, Werner"]
[Result "0-1"]
[WhiteElo "2180"]
[BlackElo "2255"]

1.e4 c5 2.Nc3 Nc6 3.Nf3 Nf6 4.Bb5 d6 5.d3 e5 6.h3 Be7 7.Bd2 O-O 8.Bc4 Na5
9.Bd5 Rb8 10.a4 Nxd5 11.Nxd5 Nc6 12.O-O f5 13.b4 cxb4 14.Nxb4 Nxb4 15.Bxb4 fxe4
16.dxe4 Be6 17.Qd2 Rxf3 18.gxf3 Qe8 19.f4 Bxh3 20.Ra3 Bxf1 21.Kxf1 exf4 22.Bxd6 Rd8
23.e5 Qc6 24.Rd3 Bxd6 25.Rxd6 Qh1+ 26.Ke2 Qe4+ 27.Kf1 Qh1+ 28.Ke2 Qe4+ 29.Kf1 Re8
30.Qd5+ Qxd5 31.Rxd5 Kf7 32.Kg2 Ke6 33.Rd6+ Kxe5 34.Rd7 Kf6 35.Rxb7 Re7 36.Rb4 g5
37.Kf3 h5 38.Rb8 Re5 39.c4 Ra5 40.Rc8 Ke5 41.Re8+ Kd4 42.Rh8 h4 43.Kg4 Kxc4
44.Rb8 Re5 45.f3 Kd3 46.Rb7 Ra5 47.Rd7+ Ke3 48.Rb7 Rxa4 49.Rb3+ Kf2 50.Rb2+ Ke3
51.Rb3+ Ke2 52.Rb2+ Kd3 53.Kxg5 a5 54.Kxh4 Rb4 55.Ra2 a4 56.Kg4 Kc3 57.Ra3+ Kb2
58.Rd3 a3 59.Rd2+ Kc3 60.Ra2 Ra4  0-1

[Event "Regionalliga SW9697"]
[Site "Bayern"]
[Date "1996.??.??"]
[Round "?"]
[White "Wolfsteiner, Helmut"]
[Black "Wiest, Georg"]
[Result "1-0"]
[WhiteElo "2135"]
[BlackElo "2190"]

1.e4 c5 2.Nc3 Nc6 3.Nf3 a6 4.d4 cxd4 5.Nxd4 e6 6.Be3 Qc7 7.Bd3 Nf6 8.O-O Ne5
9.h3 d6 10.Qe2 Be7 11.f4 Nxd3 12.cxd3 O-O 13.Rac1 Qa5 14.Nb3 Qh5 15.Rf3 Bd7
16.g4 Qh4 17.Qg2 Ne8 18.Nd4 Bf6 19.g5 Bxd4 20.Bxd4 Rc8 21.Rcf1 Qh5 22.Nd1 f5
23.gxf6 Nxf6 24.Rg3 Qf7 25.Ne3 Bb5 26.Kh2 Rc7 27.Rg1 Kh8 28.Qf2 Rg8 29.Bxf6 Qxf6
30.Ng4 Qh4 31.R1g2 Rf8 32.Qd4 Qe7 33.Ne3 Qf6 34.Qxf6 Rxf6 35.f5 exf5 36.Nxf5 g6
37.Ne3 Rcf7 38.Ng4 Rf4 39.Rd2 Bd7 40.Kg2 h5 41.Ne3 Kh7 42.Nc4 R7f6 43.Rc2 h4
44.Re3 g5 45.d4 Kh6 46.Nb6 Be6 47.d5 Bf7 48.Nd7 Rg6 49.Rc8 Rg7 50.Nb6 Bg6
51.Rh8+ Bh7 52.Re8 Rgf7 53.Re2 Bg6 54.Nc4 Rc7 55.Nxd6 Bxe8 56.Nxe8 Rd7 57.e5 Rxd5
58.e6 Rd3 59.e7 Rg3+ 60.Kh2 Rff3 61.Nd6 Rxh3+ 62.Kg1  1-0

[Event "Lee Cup"]
[Site "Beijing"]
[Date "1996.??.??"]
[Round "2"]
[White "Yu Shaoteng"]
[Black "Durao, Miguel"]
[Result "1-0"]
[WhiteElo "2385"]
[BlackElo "2175"]

1.e4 c5 2.Nf3 Nc6 3.Nc3 e5 4.Bc4 Be7 5.d3 Nf6 6.Nd2 d6 7.Nf1 Bg4 8.f3 Be6
9.Ne3 O-O 10.O-O Nd4 11.a4 Ne8 12.Ncd5 Bg5 13.c3 Nc6 14.Kh1 Bxe3 15.Bxe3 Nc7
16.f4 exf4 17.Bxf4 Bxd5 18.exd5 Ne5 19.Ba2 Ng6 20.Bg3 f5 21.d4 f4 22.Bf2 b6
23.Qg4 Kh8 24.Rae1 Qf6 25.Bb1 Rae8 26.Qh5 f3 27.gxf3 Qxf3+ 28.Qxf3 Rxf3 29.Rxe8+ Nxe8
30.Kg2 Rf6 31.Re1 Nc7 32.dxc5 bxc5 33.Bg3 Kg8 34.c4 Kf7 35.b4 Na6 36.b5 Nb8
37.a5 a6 38.Bc2 h6 39.Bxg6+ Rxg6 40.Rb1 Ke7 41.bxa6 Nxa6 42.Rb6 Nc7 43.a6 Rf6
44.a7  1-0

[Event "Benasque op"]
[Site "Benasque"]
[Date "1996.??.??"]
[Round "5"]
[White "Ayas, Antonio"]
[Black "Komarov, Dimitri"]
[Result "0-1"]
[WhiteElo "2270"]
[BlackElo "2595"]

1.e4 c5 2.Nf3 Nc6 3.Nc3 e5 4.Bc4 Be7 5.O-O d6 6.h3 Nf6 7.d3 O-O 8.Bg5 Be6
9.Bxf6 Bxf6 10.Nd5 Rb8 11.a4 Kh8 12.Qd2 Bxd5 13.Bxd5 Ne7 14.Bc4 Ng6 15.g3 Be7
16.h4 f5 17.Ng5 Bxg5 18.Qxg5 Ne7 19.f4 Rf6 20.Kh2 Qb6 21.b3 Rbf8 22.fxe5 dxe5
23.exf5 Nxf5 24.Rf3 Qc6 25.Raf1 Nxh4  0-1

[Event "Benasque op"]
[Site "Benasque"]
[Date "1996.??.??"]
[Round "7"]
[White "De la Villa Garcia, Jesus Maria"]
[Black "Oms Pallise, Josep"]
[Result "1-0"]
[WhiteElo "2495"]
[BlackElo "2395"]

1.e4 c5 2.Nf3 Nc6 3.Nc3 d6 4.d4 cxd4 5.Nxd4 Nf6 6.Bg5 e6 7.Qd2 a6 8.O-O-O h6
9.Be3 Be7 10.f3 Nxd4 11.Qxd4 e5 12.Qd2 Be6 13.h4 Rc8 14.g3 Qa5 15.Bh3 b5
16.Kb1 Rc4 17.Bxe6 fxe6 18.g4 Nd7 19.g5 h5 20.f4 b4 21.Ne2 Nc5 22.Bxc5 Qxc5
23.fxe5 Rxe4 24.Nf4 Qe3 25.Qxe3 Rxe3 26.exd6  1-0

[Event "Berliner Sommer"]
[Site "Berlin"]
[Date "1996.??.??"]
[Round "?"]
[White "Fuellgrabe, Thomas"]
[Black "Dimitrievski, Dragi"]
[Result "1-0"]
[WhiteElo "2240"]
[BlackElo "2245"]

1.e4 c5 2.Nc3 Nc6 3.Nge2 Nf6 4.d4 cxd4 5.Nxd4 e5 6.Ndb5 d6 7.Bg5 a6 8.Na3 Be6
9.Nc4 Rc8 10.Nd5 Bxd5 11.Bxf6 gxf6 12.Qxd5 Nd4 13.O-O-O Qe7 14.Rxd4 exd4
15.Qxd4 Bh6+ 16.Kb1 O-O 17.Nb6 Rcd8 18.Nd5 Qe5 19.Qd1 Bg7 20.f4 Qxe4 21.Bd3 Qe6  1-0

[Event "Berliner Sommer"]
[Site "Berlin"]
[Date "1996.??.??"]
[Round "5"]
[White "Gipslis, Aivars"]
[Black "Glienke, Manfred"]
[Result "1-0"]
[WhiteElo "2470"]
[BlackElo "2325"]

1.e4 c5 2.Nf3 Nc6 3.Nc3 Nf6 4.Bb5 Nd4 5.e5 Nxb5 6.Nxb5 Nd5 7.Ng5 a6 8.Qf3 f6
9.Qxd5 fxg5 10.Nc3 e6 11.Qf3 d5 12.exd6 Bxd6 13.d3 Be7 14.Ne4 h6 15.Qh5+ Kf8
16.f4 gxf4 17.O-O Kg8 18.Bxf4 Qd4+ 19.Kh1 Bd7 20.Be5 Be8 21.Bxd4 Bxh5 22.Bxc5 Bxc5
23.Nxc5 Rc8 24.d4 b6 25.Nxe6 Rxc2 26.Rac1 Rxb2 27.Rc7  1-0

[Event "Berliner Sommer"]
[Site "Berlin"]
[Date "1996.??.??"]
[Round "5"]
[White "Fuellgrabe, Thomas"]
[Black "Hansen, Sune Berg"]
[Result "0-1"]
[WhiteElo "2240"]
[BlackElo "2490"]

1.e4 c5 2.Nc3 Nc6 3.Nge2 g6 4.d4 cxd4 5.Nxd4 Bg7 6.Be3 d6 7.Qd2 Nf6 8.f3 O-O
9.O-O-O d5 10.exd5 Nxd5 11.Nxc6 bxc6 12.Nxd5 cxd5 13.Qxd5 Qc7 14.Qc5 Qb7
15.b3 Bf5 16.Qb5 Qc7 17.Bd3 Qc3 18.Qc4 Qb2+ 19.Kd2 Rac8  0-1

[Event "Bermuda"]
[Site "Bermuda"]
[Date "1996.??.??"]
[Round "9"]
[White "Livshits, Ron"]
[Black "Manion, Josh"]
[Result "0-1"]
[WhiteElo "2420"]
[BlackElo "2365"]

1.e4 c5 2.Nf3 Nc6 3.Nc3 g6 4.d4 cxd4 5.Nxd4 Bg7 6.Be3 Nf6 7.Bc4 O-O 8.Bb3 Qa5
9.O-O d6 10.h3 Bd7 11.f4 b5 12.a3 a6 13.Qf3 Qc7 14.Qf2 Na5 15.Nd5 Nxd5 16.Bxd5 Rac8
17.f5 Kh8 18.Rad1 Nc6 19.Nf3 Ne5 20.Ng5 h6 21.Qh4 Qd8 22.Nxf7+ Nxf7 23.Bxf7 Rxf7
24.fxg6 Rxf1+ 25.Rxf1 Be8 26.Qh5 Rc5 27.Bxc5 dxc5 28.Rd1 Qb6 29.Kh1 Bxg6
30.Qd5 Kh7 31.c3 c4 32.e5 Qe3 33.Qd4 Qxe5 34.Qxe5 Bxe5 35.Rd7 Bd6 36.Ra7 Kg7
37.Rxa6 Be8 38.Kg1 h5 39.Kf2 Kf6 40.Ke3 h4 41.Ke4 Ke6 42.Rb6 Bd7 43.Ra6 Kf7
44.Kd5 Bg3 45.a4 bxa4 46.Kxc4 Bf5 47.Kd4 e5+ 48.Ke3 Bf4+ 49.Kf3 Bc2 50.c4 Ke7
51.Kg4 Bg3 52.Kf3 Kd7 53.c5 Kc7 54.Ke2 Bf4 55.Rb6 e4  0-1

[Event "Bern op"]
[Site "Bern"]
[Date "1996.??.??"]
[Round "1"]
[White "Kamber, Bruno"]
[Black "Zuelle, Roland"]
[Result "1-0"]
[WhiteElo "2375"]
[BlackElo "1865"]

1.e4 c5 2.Nc3 Nc6 3.Bb5 a6 4.Bxc6 bxc6 5.d3 d6 6.Nge2 g6 7.Be3 Bg7 8.Qd2 e5
9.O-O Nf6 10.Bh6 Bxh6 11.Qxh6 Ng4 12.Qd2 Qh4 13.h3 Nh6 14.f4 Bxh3 15.gxh3 Qxh3
16.Qe1 Qe3+ 17.Qf2 exf4 18.Nxf4 Ng4 19.Qxe3 Nxe3 20.Rf2 Ng4 21.Rg2 h5 22.Re1 O-O
23.Nd1 Rae8 24.Ne3 Ne5 25.Nxh5  1-0

[Event "Bern op"]
[Site "Bern"]
[Date "1996.??.??"]
[Round "9"]
[White "Kamber, Bruno"]
[Black "Teske, Henrik"]
[Result "1/2-1/2"]
[WhiteElo "2375"]
[BlackElo "2510"]

1.e4 c5 2.Nc3 Nc6 3.Bb5 Nd4 4.Nf3 a6 5.Bd3 Nc6 6.O-O e6 7.Re1 d6 8.Bf1 Nf6
9.d4 cxd4 10.Nxd4 Be7 11.Nxc6 bxc6 12.e5 Nd5 13.Qg4 g6  1/2-1/2